zpět

Detail výsledku týmu

The PUB Praha 6 PO, Praha

Datum a čas kvízu

32 Celkem bodů Celkový počet nahraných bodů na tomto kvízu bez doplňovacích otázek.
12. Pořadí na kvízu Konečné umístění týmu na tomto kvízu.

Zaznamenané odpovědi

# Otázka Odpověď Body Výsledky
1. Minulý týden vykonal Miloš Zem... Štrbské pleso 1
2. Rada kalifornského města South... pávi 0
3. Letošní předávání hudebních ce... Harry Styles, One Direction 1
4. Dva maloobchodní řetězce oznám... Lidl, Kaufland 1
5. Ve středu začalo v německém Ob... v biatlonu 1
6. Toto téma vyhrálo minulý týden... Wednesday 1
7. Který herec a herečka, narozen... Jaroslav Dušek, Eva Holubová 0
8. Které tvrzení o filmu Top Gun:... C 0
9. Příběhem které firmy založené... Spotify 1
10. Jak se jmenuje tato seriálová... Chlap 0